00343nam a2200145Ia 45000030006000000080041000060400015000471000016000622450024000782500006001022600052001083000006001605460014001660050017001800STCL150530s9999 xx 000 0 und d aSTCLcSTCL aParappurath aPanitheeratha Veedu a3 bSahithya Pravarthaka Co Operative Societyc1967 a0 aMalayalam20220125171537.0